| 000 | 00460nam a2200181Ia 4500 | ||
|---|---|---|---|
| 001 | 2042 | ||
| 005 | 20260306143813.0 | ||
| 008 | 260306t2021||||xx |||||||||||||| ||spa|| | ||
| 041 | _aESP | ||
| 082 |
_a611.018 _bO92 |
||
| 100 |
_aOvalle, William K., _eAUT |
||
| 245 | 0 |
_aNetter : _bhistología esencial con correlación histopatológica |
|
| 260 | _c2021 | ||
| 300 |
_a551 páginas : _c28 cm. |
||
| 650 | _aGEN | ||
| 654 | _aCPS | ||
| 942 |
_cLIB _dJUS _fJUS _2ddc _n |
||
| 999 |
_c2042 _d2042 |
||